| 000 | 00760nam a22001817a 4500 | ||
|---|---|---|---|
| 999 |
_c371623 _d371623 |
||
| 008 | 201127b ||||| |||| 00| 0 eng d | ||
| 040 |
_aDE-2950 _bger _cDE-2950 _erda |
||
| 041 | _ager | ||
| 245 |
_aIn Frankfurt statt in Kiew geboren. _bKrieg: Die schwangere Olga Semchyk war mit Sohn und Eltern aus der ukrainischen Hauptstadt geflohen. Mit Olivia bekam die Familie jetzt Zuwachs. Was es mit dem Babynamen auf sich hat / _cInes Weber-Rath |
||
| 264 | _c2022 | ||
| 653 | _aUkrainekrieg | ||
| 653 | _aGeflüchtete | ||
| 773 |
_dFrankfurt (Oder) Märkisches Verlags- und Druckhaus GmbH & Co KG _tMärkische Oderzeitung _g33. Jahrgang (2022) Nr. 114 vom 17.05.2022, S. 15 |
||
| 942 | _cA | ||